| 000 | 00422nam a22001577a 4500 | ||
|---|---|---|---|
| 003 | BD-DhUIB | ||
| 005 | 20251013193232.0 | ||
| 008 | 251013b |||||||| |||| 00| 0 eng d | ||
| 040 |
_aBD-DhUIB _cBD-DhUIB |
||
| 050 | _a331.409172 | ||
| 082 | _222 | ||
| 100 |
_aHewlett, S. K. Rashid, R. _91004 |
||
| 245 |
_aWinning the war for talent in emerging markets / _cby Rashid R. Hewlett, S. K. |
||
| 526 | _aBBA. | ||
| 942 |
_2ddc _cBK |
||
| 999 |
_c548 _d548 |
||